A jó együttműködés, a közös erőfeszítés gyümölcsöző lesz egy új üzemi párt-végrehajtó bizottság első üléséről /
Elmentve itt :
| Szerző: | |
|---|---|
| Dokumentumtípus: | Cikk |
| Megjelent: |
1962-11-04
|
| Sorozat: | Délmagyarország
52 No. 259 |
| Kulcsszavak: | Kiss Ferenc, Bille Györgyné, KSZV Újszegedi Egysége, Gyáripar beszámoló tervezés |
| Online Access: | http://dmarchiv.bibl.u-szeged.hu/66884 |
| LEADER | 00622nab a2200157 i 4500 | ||
|---|---|---|---|
| 001 | delm66884 | ||
| 005 | 20180927153803.0 | ||
| 008 | 180927s1962 hu o 0|| hun d | ||
| 040 | |a SZTE Délmagyarország Archívum |b hun | ||
| 041 | |a hun | ||
| 100 | 1 | |a Nagy Pál | |
| 245 | 1 | 2 | |a A jó együttműködés, a közös erőfeszítés gyümölcsöző lesz |h [elektronikus dokumentum] : |b egy új üzemi párt-végrehajtó bizottság első üléséről / |c Nagy Pál |
| 260 | |c 1962-11-04 | ||
| 300 | |a 3 | ||
| 490 | 0 | |a Délmagyarország |v 52 No. 259 | |
| 695 | |a Kiss Ferenc, Bille Györgyné, KSZV Újszegedi Egysége, Gyáripar beszámoló tervezés | ||